| 000 | 00455nam a22001577a 4500 | ||
|---|---|---|---|
| 003 | macl | ||
| 005 | 20210907151241.0 | ||
| 008 | 210907b |||||||| |||| 00| 0 eng d | ||
| 040 | _cmacl | ||
| 082 | _a200 | ||
| 100 |
_aगुप्ता ,सरोज _981004 |
||
| 245 | _aजनमानस में राम | ||
| 260 |
_aदिल्ली _bअनुज्ञा बुक्स _c2018 |
||
| 650 | _aधर्म | ||
| 942 |
_2ddc _cHIN |
||
| 999 |
_c64212 _d64212 |
||